00251 a2200109 450000100060000008200150000610000160002124500360003726000350007330000160010850000170012478121 a515.15 YOU aYousaf, S M aCalculus with Analytic Geometry aLahorebIlmi Kitab Khanac2001 axii, 587 p. aCFT Textbook